000 00680nam a22002057a 4500
003 OSt
005 20151026121039.0
008 131026b xxu||||| |||| 00| 0 eng d
050 _aHF 5735
_b.B979Sl 2001
110 _aInternational Baccalaureate Organization
245 _aBusiness and management :
_cInternational Baccalaureate Organization
_bspecimen papers and mark schemes for standard level /
260 _aBuenos Aires :
_bIBO,
_cc2001.
300 _a37 p. :
_c30 cm.
650 _a International Baccalaureate.
650 _aSpecimen papers.
650 _aMarkschemes.
650 _aEducational tests and measurements
942 _2lcc
_cBK
999 _c13320
_d13320